000 00704nam a2200205 4500
001 138020
003 ES-MaACL
005 20240223164142.0
007 t|
008 070214s1982 sp r ||||1| spa d
100 1 _aSánchez Lillo, Jorge.
_9102723
245 1 3 _aEl recinto amurallado de Ciudad Real y puertas de acceso /
_cJorge Sánchez Lillo.
260 _aCiudad Real :
_bAyuntamiento,
_c1982.
300 _a104 p. :
_bil. ;
_c24 cm.
490 1 _aFondo editorial (Ayuntamiento de Ciudad Real) ;
_v1
710 2 _aCiudad Real.
_bAyuntamiento.
_92842
830 0 _aFondo editorial (Ciudad Real. Ayuntamiento)
_v1
_9220133
852 _aES-MaACL
_jL-1943
_bR.103011
999 _c138020
_d138020